Undang -undang harta tanah di Malaysia [ Prospek dan kemungkinan untuk asimilasi

Bibliographic Details
Format: Book
Published: Bangi : Inspen , n.d
Subjects:

MARC

LEADER 00000cam a2200000 7i4500
001 0000017849
005 20061130.0
040 |a INS 
090 0 0 |a HD1167 
245 0 0 |a Undang -undang harta tanah di Malaysia [  |h video recording] :   |b Prospek dan kemungkinan untuk asimilasi 
260 |a Bangi :   |b Inspen ,   |c n.d 
300 |a 1 Video cassette (VHS) :   |b sd.,col. ;   |c 1/2 in. 
650 0 0 |a Real property   |x Law and legislation 
650 0 0 |a Real property   |z Malaysia 
999 |a VHS260   |b VIDEO   |c Media Collection   |e Default branch